000 00627cam a22002054a 4500
001 12899398
005 20240202043615.0
008 020819s2003 ncu b 001 0 eng
020 _a8186706712
040 _aDLC
_cDLC
_dDLC
082 0 0 _a306.
_221
_bCHA.
100 1 _aMohanty, Chandra Talpade,
245 1 0 _aFeminism without borders :
_bdecolonizing theory, practicing solidarity /
_cChandra Talpade Mohanty.
260 _aDurham ;
_aLondon :
_bDuke University Press,
_c2003.
300 _aviii, 300 p. ;
650 0 _aFeminism
650 0 _aWomen
856 4 2 _uhttp://www.h-net.org/reviews/showrev.php?id=10752
942 _cL
999 _c280
_d280